[Event "Ruhrgebiet Verbandsliga Gruppe 1 1415"]
[Site "Germany"]
[Date "2014.10.19"]
[Round "2"]
[White "Jochmann, Christian"]
[Black "Behnick, Eckhard"]
[Result "1/2-1/2"]
[WhiteElo "1901"]
[BlackElo "1758"]
[PlyCount "33"]
[EventDate "2014.09.21"]
[EventType "team-tourn"]
[EventRounds "9"]
[EventCountry "GER"]
[SourceTitle "EXT 2022"]
[Source "ChessBase"]
[SourceDate "2021.10.06"]
[SourceVersion "1"]
[SourceVersionDate "2021.10.06"]
[SourceQuality "1"]
[WhiteTeam "Brambauer"]
[BlackTeam "Herne Sodingen II"]
[WhiteTeamCountry "GER"]
[BlackTeamCountry "GER"]

1. e4 d5 2. exd5 Qxd5 3. Nc3 Qd6 4. d4 Nf6 5. Nf3 a6 6. Be2 e6 7. Bg5 Nbd7 8. Qd2 b5 9. Bf4 Qb6 10. Ne5 Bb7 11. 0-0 Rd8 12. Qe3 c5 13. dxc5 Qxc5 14. Nxd7 Rxd7 15. Rfd1 Qxe3 16. Bxe3 Be7 17. Rxd7 1/2-1/2

[Event "Plzen op 5th"]
[Site "Plzen"]
[Date "2013.11.29"]
[Round "6"]
[White "Eret, Jonas"]
[Black "Jochmann, Christian"]
[Result "1/2-1/2"]
[WhiteElo "1898"]
[BlackElo "2005"]
[PlyCount "40"]
[EventDate "2013.11.24"]
[EventType "swiss"]
[EventRounds "7"]
[EventCountry "CZE"]
[SourceTitle "CBM 157 Extra"]
[Source "ChessBase"]
[SourceDate "2013.12.19"]
[SourceVersion "1"]
[SourceVersionDate "2013.12.19"]
[SourceQuality "1"]

1. d4 Nf6 2. Nf3 d5 3. e3 e6 4. Bd3 c5 5. c3 Nc6 6. Nbd2 Be7 7. 0-0 0-0 8. Bb1 Qc7 9. Re1 b6 10. Qe2 Bb7 11. h3 Rac8 12. a3 Rfd8 13. b3 a5 14. a4 Re8 15. Bb2 e5 16. dxe5 Nxe5 17. Bf5 Rcd8 18. Bc2 Bd6 19. Nxe5 Bxe5 20. Nf3 Bd6 1/2-1/2

[Event "Plzen op 5th"]
[Site "Plzen"]
[Date "2013.11.28"]
[Round "5"]
[White "Jochmann, Christian"]
[Black "Hoekstra, Carl"]
[Result "1/2-1/2"]
[WhiteElo "2005"]
[BlackElo "1912"]
[PlyCount "37"]
[EventDate "2013.11.24"]
[EventType "swiss"]
[EventRounds "7"]
[EventCountry "CZE"]
[SourceTitle "CBM 157 Extra"]
[Source "ChessBase"]
[SourceDate "2013.12.19"]
[SourceVersion "1"]
[SourceVersionDate "2013.12.19"]
[SourceQuality "1"]

1. e4 g6 2. d4 Bg7 3. Nc3 c6 4. Be3 d5 5. Be2 dxe4 6. Nxe4 Nd7 7. Nf3 Ngf6 8. Nxf6+ Nxf6 9. 0-0 0-0 10. Re1 Bg4 11. h3 Bf5 12. c3 h6 13. Qb3 Qc7 14. Ne5 Nd5 15. Bd2 g5 16. Bf3 Rad8 17. Ng4 e6 18. Ne3 Nxe3 19. Bxe3 1/2-1/2

[Event "Ruhrgebiet Verbandsliga1 1011"]
[Site "Nordrheinwestfalen"]
[Date "2011.02.27"]
[Round "7.8"]
[White "Kemna, Martin"]
[Black "Jochmann, Christian"]
[Result "0-1"]
[WhiteElo "1924"]
[BlackElo "1878"]
[PlyCount "106"]
[EventDate "2011.09.12"]
[EventType "team-tourn"]
[EventRounds "9"]
[EventCountry "GER"]
[SourceTitle "EXT 2020"]
[Source "ChessBase"]
[SourceDate "2019.10.17"]
[SourceVersion "1"]
[SourceVersionDate "2019.10.17"]
[SourceQuality "1"]
[WhiteTeam "Dortmund Hansa III"]
[BlackTeam "Doppelbauer Brambauer"]
[WhiteTeamCountry "GER"]
[BlackTeamCountry "GER"]

1. c4 e6 2. Nc3 f5 3. d3 Nf6 4. e4 fxe4 5. dxe4 Nc6 6. Bd3 e5 7. Be3 d6 8. f3 Be6 9. Nge2 Qd7 10. Nd5 Be7 11. Qd2 Nd8 12. 0-0 c6 13. Nxe7 Qxe7 14. Qc3 c5 15. Bc2 Bd7 16. Ng3 Nc6 17. Ba4 Nd4 18. Bxd7+ Qxd7 19. Qd3 0-0 20. Rab1 a5 21. h3 Qe6 22. b3 Nd7 23. f4 Nb8 24. fxe5 Rxf1+ 25. Rxf1 dxe5 26. Bxd4 exd4 27. Qf3 Nc6 28. Nf5 Ne7 29. Qg4 Nxf5 30. Rxf5 Qe7 31. Qf3 Rf8 32. g4 Rxf5 33. Qxf5 b6 34. g5 g6 35. Qd5+ Kg7 36. h4 h6 37. Kf2 hxg5 38. hxg5 Qf7+ 39. Ke2 Qxd5 40. cxd5 Kf7 41. Kd3 Ke7 42. e5 Kd7 43. a4 Kd8 44. Kc2 Kd7 45. d6 Ke6 46. Kd2 Kd7 47. Kd3 Ke6 48. Kc4 Kd7 49. Kd5 d3 50. e6+ Kd8 51. Kc6 d2 52. Kxb6 d1Q 53. Kc6 Qf3+ 0-1

[Event "Ruhrgebiet Verbandsliga1 1011"]
[Site "Nordrheinwestfalen"]
[Date "2011.01.16"]
[Round "5"]
[White "Jaeger, Heinz"]
[Black "Jochmann, Christian"]
[Result "1-0"]
[WhiteElo "1995"]
[BlackElo "1878"]
[PlyCount "78"]
[EventDate "2011.09.12"]
[EventType "team-tourn"]
[EventRounds "9"]
[EventCountry "GER"]
[SourceTitle "EXT 2020"]
[Source "ChessBase"]
[SourceDate "2019.10.17"]
[SourceVersion "1"]
[SourceVersionDate "2019.10.17"]
[SourceQuality "1"]
[WhiteTeam "Bottrop SV"]
[BlackTeam "Doppelbauer Brambauer"]
[WhiteTeamCountry "GER"]
[BlackTeamCountry "GER"]

1. d4 e6 2. Nf3 f5 3. c3 Nf6 4. Bg5 Be7 5. Nbd2 b6 6. Bxf6 Bxf6 7. e4 fxe4 8. Nxe4 Bb7 9. Bd3 Nc6 10. Qc2 g6 11. 0-0-0 Qe7 12. Rhe1 Nd8 13. Kb1 Nf7 14. Re2 0-0-0 15. Rde1 Ng5 16. Nfxg5 Bxg5 17. f3 Bh6 18. Nf2 Rdf8 19. Qa4 Kb8 20. Ng4 Bg7 21. Ne5 Bxe5 22. Rxe5 Rf4 23. Qb3 Qf6 24. Bb5 Rd8 25. Bd3 h5 26. R5e2 g5 27. Be4 Bxe4+ 28. Rxe4 Qf5 29. Qc2 Rf8 30. b3 g4 31. fxg4 Qxg4 32. Rxf4 Qxf4 33. g3 Qf3 34. Kb2 Rf5 35. Qe2 Kb7 36. Kc2 a6 37. Kd2 c5 38. dxc5 Qd5+ 39. Kc2 Qxc5 1-0

[Event "Ruhrgebiet VL1 0910"]
[Site "Germany"]
[Date "2010.04.18"]
[Round "9.7"]
[White "Jochmann, Christian"]
[Black "Hoehn, Helmut"]
[Result "1-0"]
[WhiteElo "2005"]
[BlackElo "1706"]
[PlyCount "47"]
[EventDate "2009.09.06"]
[EventType "team-tourn"]
[EventRounds "9"]
[EventCountry "GER"]
[SourceTitle "EXT 2011"]
[Source "ChessBase"]
[SourceDate "2010.11.26"]
[SourceVersion "1"]
[SourceVersionDate "2010.11.26"]
[SourceQuality "1"]
[WhiteTeam "Brambauer"]
[BlackTeam "Oberhausen"]
[WhiteTeamCountry "GER"]
[BlackTeamCountry "GER"]

1. e4 e6 2. d4 d5 3. Nd2 c5 4. exd5 exd5 5. Bb5+ Bd7 6. Qe2+ Qe7 7. Bxd7+ Nxd7 8. Ngf3 0-0-0 9. Qxe7 Bxe7 10. dxc5 Bxc5 11. 0-0 h6 12. Nb3 Bb6 13. Re1 g5 14. Be3 f5 15. Rad1 Bxe3 16. Rxe3 Ngf6 17. Ne5 Rh7 18. Ng6 Kb8 19. Nd4 f4 20. Re7 Rxe7 21. Nxe7 Re8 22. Ndf5 Nb6 23. Re1 Ng8 24. Nc6+ 1-0

[Event "Ruhrgebiet VL1 0910"]
[Site "Germany"]
[Date "2009.11.08"]
[Round "3.6"]
[White "Jacubowski, Andreas"]
[Black "Jochmann, Christian"]
[Result "1/2-1/2"]
[WhiteElo "2139"]
[BlackElo "2005"]
[PlyCount "108"]
[EventDate "2009.09.06"]
[EventType "team-tourn"]
[EventRounds "9"]
[EventCountry "GER"]
[SourceTitle "EXT 2011"]
[Source "ChessBase"]
[SourceDate "2010.11.26"]
[SourceVersion "1"]
[SourceVersionDate "2010.11.26"]
[SourceQuality "1"]
[WhiteTeam "Horst Emscher"]
[BlackTeam "Brambauer"]
[WhiteTeamCountry "GER"]
[BlackTeamCountry "GER"]

1. e4 c5 2. Nf3 Nc6 3. Bb5 e6 4. 0-0 d6 5. d4 cxd4 6. Nxd4 Bd7 7. Nc3 Nf6 8. Bg5 Be7 9. Nxc6 bxc6 10. Bd3 Rb8 11. Rb1 e5 12. Kh1 0-0 13. f4 exf4 14. Bxf4 Ng4 15. Bc4 Ne5 16. Bb3 Bg4 17. Qd2 Qc7 18. Rbe1 Rbe8 19. Qf2 Bd8 20. Qg3 Be6 21. Rd1 Bxb3 22. axb3 Re6 23. Bxe5 Rxe5 24. Qd3 Be7 25. Rf3 Rd8 26. Rdf1 Bf6 27. Rg3 Qe7 28. Qf3 Kh8 29. Rh3 d5 30. exd5 cxd5 31. Qd3 h6 32. Nd1 Re1 33. Rhf3 Rxf1+ 34. Rxf1 d4 35. Nf2 Re8 36. Ng4 Bg5 37. Qxd4 Qe2 38. Qc4 Re4 39. Qc8+ Kh7 40. Qf5+ Kh8 41. Qc8+ Kh7 42. Qf5+ Kh8 43. h3 f6 44. c4 Rd4 45. Qf3 Qxb2 46. Qa8+ Kh7 47. Qxa7 Rd3 48. Qb7 Qxb3 49. Qe4+ Kh8 50. Ra1 Rd1+ 51. Rxd1 Qxd1+ 52. Kh2 Qd6+ 53. Kh1 Qd1+ 54. Kh2 Qd6+ 1/2-1/2

[Event "Ruhrgebiet VK2 0708"]
[Site "Germany"]
[Date "2008.04.27"]
[Round "9.6"]
[White "Jochmann, Christian"]
[Black "Konietzka, Bernd"]
[Result "1-0"]
[WhiteElo "2002"]
[BlackElo "2007"]
[PlyCount "85"]
[EventDate "2007.09.16"]
[EventType "team"]
[EventRounds "9"]
[EventCountry "GER"]
[SourceTitle "EXT 2009"]
[Source "ChessBase"]
[SourceDate "2008.11.26"]
[SourceVersion "1"]
[SourceVersionDate "2008.11.26"]
[SourceQuality "1"]
[WhiteTeam "Brambauer II"]
[BlackTeam "Horst Emscher II"]
[WhiteTeamCountry "GER"]
[BlackTeamCountry "GER"]

1. c4 d6 2. Nc3 c5 3. g3 Nf6 4. Bg2 a6 5. Nf3 Nc6 6. d4 cxd4 7. Nxd4 Qc7 8. 0-0 e6 9. e4 Be7 10. Kh1 h6 11. f4 Nxd4 12. Qxd4 Qc5 13. Be3 Qxd4 14. Bxd4 0-0 15. Rfd1 Nd7 16. Rd2 Rb8 17. Ba7 Ra8 18. Be3 Rb8 19. Rc1 b6 20. Kg1 Nf6 21. h3 g6 22. Bd4 Nd7 23. Ne2 Bb7 24. Kf2 f6 25. Bf3 Kf7 26. g4 Nc5 27. Ke3 Rfe8 28. f5 exf5 29. gxf5 Bd8 30. Bxc5 dxc5 31. fxg6+ Kxg6 32. Nf4+ Kh7 33. Rd7+ Re7 34. Rcd1 Bc6 35. Rxd8 Rbb7 36. R1d6 Bxe4 37. Bxe4+ f5 38. Re6 Rxe6 39. Nxe6 fxe4 40. Kxe4 Kg6 41. Nf4+ Kg5 42. Rg8+ Kh4 43. Rg4# 1-0

[Event "Ruhrgebiet VK2 0708"]
[Site "Germany"]
[Date "2008.04.06"]
[Round "8.6"]
[White "Wernitz, Peter"]
[Black "Jochmann, Christian"]
[Result "1-0"]
[WhiteElo "1860"]
[BlackElo "2002"]
[PlyCount "27"]
[EventDate "2007.09.16"]
[EventType "team"]
[EventRounds "9"]
[EventCountry "GER"]
[SourceTitle "EXT 2009"]
[Source "ChessBase"]
[SourceDate "2008.11.26"]
[SourceVersion "1"]
[SourceVersionDate "2008.11.26"]
[SourceQuality "1"]
[WhiteTeam "Altstadt RE II"]
[BlackTeam "Brambauer II"]
[WhiteTeamCountry "GER"]
[BlackTeamCountry "GER"]

1. f4 e5 2. fxe5 d6 3. Nf3 g5 4. e4 g4 5. Bc4 gxf3 6. Qxf3 Be6 7. Bxe6 fxe6 8. 0-0 Ne7 9. Qf7+ Kd7 10. Rf6 Kc8 11. Qxe6+ Qd7 12. Qf7 dxe5 13. Qxf8+ Rxf8 14. Rxf8+ 1-0

[Event "Ruhrgebiet VL1 0405"]
[Site "Ruhrgebiet"]
[Date "2005.04.10"]
[Round "9.8"]
[White "Jochmann, Christian"]
[Black "Przybela, Josef Franz"]
[Result "1-0"]
[WhiteElo "1941"]
[BlackElo "1768"]
[PlyCount "79"]
[EventDate "2004.09.12"]
[EventType "team"]
[EventRounds "9"]
[EventCountry "GER"]
[SourceTitle "EXT 2006"]
[Source "ChessBase"]
[SourceDate "2005.11.24"]
[SourceVersion "1"]
[SourceVersionDate "2005.11.24"]
[SourceQuality "1"]
[WhiteTeam "Brambauer"]
[BlackTeam "Hamm 45/58"]
[WhiteTeamCountry "GER"]
[BlackTeamCountry "GER"]

1. e4 e6 2. d4 d5 3. Nd2 Nf6 4. e5 Nfd7 5. Bd3 c5 6. c3 Nc6 7. Ne2 cxd4 8. cxd4 f6 9. exf6 Nxf6 10. Nf3 Bd6 11. 0-0 0-0 12. Nc3 a6 13. Re1 Qc7 14. Bg5 Bd7 15. a3 h6 16. Bh4 Rae8 17. Rc1 Qb8 18. Bg3 Bxg3 19. hxg3 Ng4 20. Rc2 Rf6 21. Rce2 Ref8 22. Bb1 h5 23. Qd2 Qd8 24. Qg5 Rh6 25. Qxd8 Nxd8 26. Bd3 Be8 27. Nxd5 Bc6 28. Ne7+ Kf7 29. Nxc6 Nxc6 30. Ng5+ Kg8 31. Nxe6 Rxe6 32. Rxe6 Nxf2 33. Bc4 Kh7 34. Rxc6 bxc6 35. Rf1 Rd8 36. Rxf2 Rxd4 37. Bxa6 Rd1+ 38. Kh2 Rd6 39. b4 c5 40. b5 1-0

[Event "Ruhrgebiet VL1 0304"]
[Site "Ruhrgebiet"]
[Date "2004.02.29"]
[Round "7.6"]
[White "Jochmann, Christian"]
[Black "Kotlar, Alfred"]
[Result "1-0"]
[WhiteElo "1886"]
[BlackElo "1929"]
[PlyCount "47"]
[EventDate "2003.09.28"]
[EventType "team"]
[EventRounds "9"]
[EventCountry "GER"]
[SourceTitle "EXT 2007"]
[Source "ChessBase"]
[SourceDate "2006.11.23"]
[SourceVersion "1"]
[SourceVersionDate "2006.11.23"]
[SourceQuality "1"]
[WhiteTeam "Brambauer"]
[BlackTeam "Altstadt RE"]
[WhiteTeamCountry "GER"]
[BlackTeamCountry "GER"]

1. e4 d6 2. d4 Nf6 3. Nc3 g6 4. f3 Bg7 5. Be3 c6 6. Qd2 a5 7. 0-0-0 b5 8. Bh6 0-0 9. h4 Nh5 10. Nce2 Be6 11. g4 Nf6 12. h5 gxh5 13. Qg5 Ne8 14. Qxh5 f6 15. Bxg7 Nxg7 16. Qxh7+ Kf7 17. d5 cxd5 18. exd5 Bd7 19. Nf4 Rg8 20. Bd3 Qb6 21. Re1 Na6 22. Ne6 Bxe6 23. dxe6+ Kf8 24. Bg6 1-0

[Event "Ruhrgebiet VL1 0304"]
[Site "Ruhrgebiet"]
[Date "2004.01.11"]
[Round "5.8"]
[White "Jochmann, Christian"]
[Black "Neuer, Thomas"]
[Result "0-1"]
[WhiteElo "1886"]
[BlackElo "1940"]
[PlyCount "60"]
[EventDate "2003.09.28"]
[EventType "team"]
[EventRounds "9"]
[EventCountry "GER"]
[SourceTitle "EXT 2007"]
[Source "ChessBase"]
[SourceDate "2006.11.23"]
[SourceVersion "1"]
[SourceVersionDate "2006.11.23"]
[SourceQuality "1"]
[WhiteTeam "Brambauer"]
[BlackTeam "Holsterhausen"]
[WhiteTeamCountry "GER"]
[BlackTeamCountry "GER"]

1. e4 e6 2. d4 d5 3. Nd2 Nf6 4. e5 Nfd7 5. Bd3 c5 6. c3 Nc6 7. Ne2 cxd4 8. cxd4 f6 9. exf6 Nxf6 10. 0-0 Bd6 11. Nf3 Qc7 12. Nc3 a6 13. Re1 0-0 14. a3 Bd7 15. Qc2 Rac8 16. Bg5 h6 17. Bxf6 Rxf6 18. Rad1 Be8 19. h3 Bh5 20. Be2 Rcf8 21. Qb3 Qf7 22. Rd3 Bg6 23. Rdd1 Be4 24. Qa4 Bxf3 25. Bxf3 Rxf3 26. gxf3 Qxf3 27. Qc2 Qxh3 28. Re3 Bh2+ 29. Kh1 Bg3+ 30. Kg1 Qh2+ 0-1

[Event "Ruhrgebiet VK1 0001"]
[Site "Ruhrgebiet"]
[Date "2001.02.18"]
[Round "6"]
[White "Petri, Norbert"]
[Black "Jochmann, Christian"]
[Result "1-0"]
[WhiteElo "1891"]
[BlackElo "1884"]
[PlyCount "61"]
[EventDate "2000.09.17"]
[EventType "team-tourn"]
[EventRounds "9"]
[EventCountry "GER"]
[SourceTitle "EXT 2023"]
[Source "ChessBase"]
[SourceDate "2022.10.05"]
[SourceVersion "1"]
[SourceVersionDate "2022.10.05"]
[SourceQuality "1"]
[WhiteTeam "Essen Listiger Bauer"]
[BlackTeam "Doppelbauer Brambauer"]
[WhiteTeamCountry "GER"]
[BlackTeamCountry "GER"]

1. c4 Nf6 2. Nc3 g6 3. g3 Bg7 4. Bg2 0-0 5. d4 d6 6. Nf3 Nbd7 7. 0-0 e5 8. e4 exd4 9. Nxd4 Re8 10. Re1 Nc5 11. h3 a5 12. Ndb5 Bd7 13. Qc2 Bc6 14. Bg5 Qd7 15. Rad1 h6 16. Bc1 Re7 17. Nd4 Rae8 18. f3 Ne6 19. Nxc6 Qxc6 20. b3 Nc5 21. Be3 b6 22. Bd4 Nh5 23. Bxg7 Kxg7 24. Nd5 Re6 25. Qc3+ Nf6 26. f4 Ncd7 27. Qd4 Kg8 28. e5 dxe5 29. Nxf6+ Nxf6 30. Bxc6 exd4 31. Bxe8 1-0